Fundamentals of hindu faith and culture : (Record no. 124561)

MARC details
000 -LEADER
fixed length control field 00623nam a22002177a 4500
005 - DATE AND TIME OF LATEST TRANSACTION
control field 20170124105941.0
010 ## - LIBRARY OF CONGRESS CONTROL NUMBER
LC control number 159341
020 ## - INTERNATIONAL STANDARD BOOK NUMBER
Terms of availability 00.00
035 ## - SYSTEM CONTROL NUMBER
System control number 159341
037 ## - SOURCE OF ACQUISITION
Source of stock number/acquisition Cen Lib/Ret
040 ## - CATALOGING SOURCE
Original cataloging agency DPL
Language of cataloging EN
082 ## - DEWEY DECIMAL CLASSIFICATION NUMBER
Classification number 230
Edition number RAM
100 ## - MAIN ENTRY--PERSONAL NAME
Personal name Ramaswami Aiyer C.P.
9 (RLIN) 11167
245 ## - TITLE STATEMENT
Title Fundamentals of hindu faith and culture :
Statement of responsibility, etc by C.P. Ramaswami Aiyar
Remainder of title collection of essays ans addresses /
260 ## - PUBLICATION, DISTRIBUTION, ETC. (IMPRINT)
Place of publication, distribution, etc Madras
Name of publisher, distributor, etc Ganesh & co.
Date of publication, distribution, etc 1959
270 ## - ADDRESS
City Madras
300 ## - PHYSICAL DESCRIPTION
Extent 160p.
Dimensions 22cm(Hb)
650 ## - SUBJECT ADDED ENTRY--TOPICAL TERM
Topical term or geographic name as entry element Hinduism
Chronological subdivision
9 (RLIN) 11168
650 ## - SUBJECT ADDED ENTRY--TOPICAL TERM
Topical term or geographic name as entry element Hindu culture
9 (RLIN) 11169
942 ## - ADDED ENTRY ELEMENTS (KOHA)
Source of classification or shelving scheme Dewey Decimal Classification
Koha item type English Books
Classification part 230
Call number suffix RAM
Holdings
Withdrawn status Lost status Damaged status Not for loan Collection code Home library Current library Date acquired Source of acquisition Cost, normal purchase price Total Checkouts Full call number Barcode Date last seen Copy number Cost, replacement price Price effective from Koha item type Public note
Written off     Not For Loan Reference Central Library Central Library 17/06/2015 Cen Lib/Ret 0.00   230 RAM 159341 17/06/2015 1 0.00 17/06/2015 English Books Written off on approval by DLB (By Circulation); dtd 15-06-2023

© Delhi Public Library
Hit Counter
free hit counter